Основы теории радионавигационных систем и комплексов. Ч. 2: Алгоритмическое обеспечение спутниковых радионавигационных систем (Запись № 12304137)

Подробности
000 -МАРКЕР
контрольное поле 01910nam2a2200253 4500
001 - ИДЕНТИФИКАТОР ЗАПИСИ
контрольное поле RU\NLR\BIBL_A\012516459
005 - ИДЕНТИФИКАТОР ВЕРСИИ
контрольное поле 20211019164135.0
021 ## - НОМЕР ГОСУДАРСТВЕННОЙ РЕГИСТРАЦИИ
Код страны Российская Федерация
Номер КН-П-20-086542
Номер Листа государственной регистраци КН-П-20-6583
035 ## - ДРУГИЕ СИСТЕМНЫЕ НОМЕРА
Идентификатор записи (NLR Aleph) 012516459
100 ## - ДАННЫЕ ОБЩЕЙ ОБРАБОТКИ
Данные общей обработки 20210512d2020 u y0rusy50 ca
101 0# - ЯЗЫК РЕСУРСА
Язык текста, звукозаписи и т.д. русский
102 ## - СТРАНА ПУБЛИКАЦИИ ИЛИ ПРОИЗВОДСТВА
Страна публикации Российская Федерация
105 ## - ПОЛЕ КОДИРОВАННЫХ ДАННЫХ: ТЕКСТОВЫЕ МАТЕРИАЛЫ, МОНОГРАФИЧЕСКИЕ
Кодированные данные о монографическом текстовом документе a j 000zy
200 1# - ЗАГЛАВИЕ И СВЕДЕНИЯ ОБ ОТВЕТСТВЕННОСТИ
Основное заглавие Алгоритмическое обеспечение спутниковых радионавигационных систем
210 ## - ПУБЛИКАЦИЯ, РАСПРОСТРАНЕНИЕ И ДР.
Дата издания, распространения и т.д. 2020
215 ## - ФИЗИЧЕСКАЯ ХАРАКТЕРИСТИКА
Специфическое обозначение материала и объем 111, [1] с.
Другие сведения о физической характеристике ил., табл.
320 ## - ПРИМЕЧАНИЯ О НАЛИЧИИ В ДОКУМЕНТЕ БИБЛИОГРАФИИ / УКАЗАТЕЛЯ
Текст примечания Библиогр.: с. 89-91 (30 назв.) и в прил.
461 #0 - УРОВЕНЬ НАБОРА
Встроенное поле 001RU\NLR\BIBL_A\012516455
-- 2001#$aОсновы теории радионавигационных систем и комплексов$vЧ. 2
-- 700#1$aСлюсаренко$bА. С.$gАлександр Сергеевич
Системный номер (АБИС) связанной записи 12304118
Автор Слюсаренко, А. С.
Место публикации Санкт-Петербург
Дата публикации 2020
Первые сведения об ответственности А. С. Слюсаренко, С. Г. Бурлуцкий, В. Д. Маркович Вивас
Имя издателя, распространителя и т.д. ГУАП
Сведения, относящиеся к заглавию учебно-методическое пособие : для подготовки бакалавров, инженеров (специалистов) и магистров в области технической эксплуатации аэрокосмической техники по направлениям 24.03.02, 24.05.06, 25.03.01, 25.03.02 : в 3 ч.
Заглавие Основы теории радионавигационных систем и комплексов
Номер тома Ч. 2
606 1# - НАИМЕНОВАНИЕ ТЕМЫ КАК ПРЕДМЕТ
Наименование темы Спутниковые радионавигационные системы
Формальный подзаголовок Учебно-методические пособия для высших учебных заведений
Тематический подзаголовок Обработка сигналов
Системный номер авторитетной/нормативной записи 2343552
Идентификатор авторитетной/нормативной записи RU\NLR\AUTH\6601624020
942 ## - ДОПОЛНИТЕЛЬНЫЕ ЭЛЕМЕНТЫ ЗАПИСИ (АБИС)
Тип экземпляра АБИС Книга
980 ## - КОЛЛЕКЦИЯ
Название коллекции Национальная библиография
Экземпляры
Тип экземпляра Дата поступления Источник поступления Библиотека постоянного хранения Библиотека текущего хранения Место хранения Шифр хранения Штрих-код Статус экземпляра
Книга 12.05.2021 Обязательный экземпляр РНБ (Московский) РНБ (Московский) Русский книжный фонд: издания с 1957 года 2021-3/10304 1-3383209